000 00743nam a2200217 4500
999 _c81292
_d318569
003 OSt
005 20220806093835.0
008 220806b2021 ||||g |||| 00| 0 ara d
020 _a9789921730333
040 _aMa-Un
_cMa-Un
082 0 4 _a920.02
_bش أ و
_221
100 1 _aشرقاوي، أدهم
_996391
245 1 0 _aوتلك الأيام /
_cأدهم شرقاوي (قس بن ساعدة).
246 3 3 _aتلك الأيام
260 _a[د. م] :
_bدار كلمات للنشر والتوزيع،
_c2021
_m[1442]
300 _a405 ص. ؛
_c24 سم.
504 _aيشتمل على قائمة ببليوجرافية.
650 7 _aالتراجم
_987758
942 _2ddc
_cBOOK
653 7 _aالمجموعات العامة للتراجم